000 00467nam a2200169Ia 4500
999 _c24453
_d24453
003 OSt
005 20201224114622.0
008 190216s9999||||xx |||||||||||||| ||und||
040 _coclc
082 _a910
_bNAI/K
100 _aNair, C S
_97852
245 0 _aKattilekku oru Thirthayathra /
_cC S Nair
260 _bCurrent Books,
_aKottayam:
_c1964.
300 _a85p
650 _aYathravivaranam
942 _cBK
_2ddc
_h910
_iNAI/K
_k910
_mNAI/K